Greek Girls' Names Ending with E - Statistics

General Stats
  • This quiz has been taken 11 times
  • The average score is 5 of 10
Answer Stats
Meaning Example Answer % Correct
Victory Sportswear brand Nike
100%
Weaver Spanish actress, last name Cruz Penelope
78%
Bringer of death Greek Queen of the Underworld Persephone
78%
Bright "Friends" character Phoebe
67%
Messenger "Harry Potter" character Hermione
56%
Laurel tree "Scooby Doo" character, or a plant Daphne
44%
Young green shoot French luxury fashion brand Chloe
22%
Life Orange Sesame Street Muppet Zoe
22%
Beautiful-voiced A steam-powered musical instrument Calliope
11%
Toad Fictional Australian socialite, last name Fisher Phryne
0%
No matching quizzes found
Score Distribution
Percent of People with Each Score
Percentile by Number Answered
Your Score History
You have not taken this quiz